000 00569cam a22002291 4500
001 sa 65010391
003 DLC
005 20260227112208.0
008 940922s1965 ii a 000 0 telo
010 _asa 65010391
025 _aPL480:I-Te-1087
035 _a(OCoLC)31160498
040 _aDLC
_cCU
_dCU
_dDLC
042 _apremarc
050 0 0 _aQP431
_b.R3
100 2 _aRadhakrishna Murthy, Guntupalli,
_d1930-
245 1 0 _aJñāna pañcami.
260 _c[1965]
300 _a51 p.
_bill.
_c18 cm.
500 _aIn Telugu.
650 0 _aSenses and sensation.
999 _c66708
_d66708